000 00917nam a2200301 a 4500
003 AR-BaBNM
005 20251128203458.0
008 082120s2002 ||||||||||||||000 | spa||
040 _cAR-BaBNM
100 1 _aGannagé, Elias
245 0 0 _aEconomía del desarrollo
260 _aBuenos Aires
_bAsociación de Economistas Argentinos
_c1964
300 _a338 p.
_btablas
504 _aBibliografía para consultar p. 315-326
600 1 4 _aMalthus, Thomas Robert
_d1766-1834
650 4 _aECONOMIA
650 4 _aPLANIFICACION Y ADMINISTRACION ECONOMICAS
650 4 _aPOLITICA DE DESARROLLO
650 4 _aHISTORIA ECONOMICA
650 4 _aSUBDESARROLLO
650 4 _aCOMERCIO INTERNACIONAL
650 4 _aECONOMIA DE MERCADO
700 1 _aPerroux, François
_eprologuista
700 1 _aMurillo, Nélida Carolina
_etraductor
700 1 _aArgentato, Nicolás
_edirector
942 _cBK
998 _cmariana
999 _c3572
_d3572